¿ Golpe de estado? o golpe de país? /
Enregistré dans:
| Auteur principal: | |
|---|---|
| Format: | Texte |
| Tags: |
Ajouter un tag
Pas de tags, Soyez le premier à ajouter un tag!
|
MARC
| LEADER | 00000 a a2200000 04500 | ||
|---|---|---|---|
| 001 | 7148 | ||
| 003 | |||
| 040 | |||
| 100 | |a Hernández Pico, Juan | ||
| 245 | |a ¿ Golpe de estado? o golpe de país? / |c Juan Hernández Pico | ||
| 773 | |g volumen 20, número 228; páginas 28-34 | ||
| 999 | |c 29450 |d 29450 | ||
